[Event "Queen's Gambit"]
[Site "SchemingMind.com"]
[Date "2008.03.22"]
[Round "-"]
[White "Kenny Elliott"]
[Black "fjpv"]
[Result "0-1"]
[WhiteCountry "USA"]
[BlackCountry "POR"]
[WhiteElo "1533"]
[WhiteRD "85"]
[BlackElo "2332"]
[BlackRD "88"]
[GameID "147246"]

1. d4 d5 2. c4 dxc4 3. Nc3 c6 4. e3 b5 5. g3 Nf6 6. Bg2 Ba6 7. Nge2 e6 8. O-O Be7 9. e4 O-O 10. a3 Nbd7
11. e5 Nd5 12. Nf4 Qb6 13. Nfxd5 cxd5 14. Qg4 h5 15. Qf4 Nb8 16. Be3 Nc6 17. Bf3 g5 18. Nxd5 exd5 19. Qf5 Rad8 20. Bxh5 Bc8
21. Qc2 Nxd4 22. Bxd4 Qxd4 23. Rae1 Bh3 24. e6 fxe6 25. Qg6+ Qg7 26. Qxg7+ Kxg7 27. Rxe6 Bxe6
0-1

[Event "Queen's Gambit"]
[Site "SchemingMind.com"]
[Date "2008.03.22"]
[Round "-"]
[White "e_castle3"]
[Black "fjpv"]
[Result "0-1"]
[WhiteCountry "PHI"]
[BlackCountry "POR"]
[WhiteElo "1774"]
[WhiteRD "75"]
[BlackElo "2322"]
[BlackRD "88"]
[GameID "147247"]

1. d4 d5 2. c4 dxc4 3. e4 e5 4. d5 b5 5. Nf3 Nf6 6. Bg5 Bb4+ 7. Nc3 Nbd7 8. a3 Bxc3+ 9. bxc3 Nc5 10. Bxf6 Qxf6
11. Qc2 O-O 12. h3 a6 13. Be2 Qg6 14. O-O Bxh3 15. g3 Bxf1 16. Bxf1 Qxe4
0-1

[Event "Queen's Gambit"]
[Site "SchemingMind.com"]
[Date "2008.03.25"]
[Round "-"]
[White "maaac"]
[Black "fjpv"]
[Result "0-1"]
[WhiteCountry "AUS"]
[BlackCountry "POR"]
[WhiteElo "1865"]
[WhiteRD "71"]
[BlackElo "2322"]
[BlackRD "88"]
[GameID "147248"]

1. d4 d5 2. c4 dxc4 3. e4 e5 4. Nf3 exd4 5. Bxc4 Bb4+ 6. Bd2 Bxd2+ 7. Nbxd2 Nc6 8. O-O Qf6 9. e5 Qg6 10. Nb3 Bh3
11. Nh4 Qg5 12. Bxf7+ Kxf7 13. Qf3+ Nf6 14. Qxh3 Qxe5 15. Rfe1 Qd5 16. Nf5 Rhe8 17. Rad1 Rxe1+ 18. Rxe1 d3 19. Ne3 Re8 20. g4 Qb5
21. Rd1 Kg8 22. Qg3 Ne5 23. h3 Ne4 24. Qf4 Nd6 25. Rd2 Rf8 26. Nf5 Nxf5 27. gxf5 Qd5 28. Nd4 c5
0-1

[Event "Queen's Gambit"]
[Site "SchemingMind.com"]
[Date "2008.03.22"]
[Round "-"]
[White "Dr_Pat"]
[Black "fjpv"]
[Result "0-1"]
[WhiteCountry "USA"]
[BlackCountry "POR"]
[WhiteElo "1929"]
[WhiteRD "48"]
[BlackElo "2322"]
[BlackRD "88"]
[GameID "147249"]

1. d4 d5 2. c4 dxc4 3. Nf3 Nf6 4. e3 g6 5. Bxc4 Bg7 6. O-O O-O 7. Nc3 Nc6 8. h3 Bf5 9. Re1 Ne4 10. Bd3 Nxc3
11. bxc3 Bxd3 12. Qxd3 Na5 13. c4 Re8 14. Bd2 c5 15. Rab1 e5 16. Bxa5 Qxa5 17. dxe5 Qc7 18. Qd6 Rac8 19. Qxc7 Rxc7 20. Red1 Bxe5
21. Nxe5 Rxe5 22. Rd8+ Kg7
0-1

[Event "Queen's Gambit"]
[Site "SchemingMind.com"]
[Date "2008.03.27"]
[Round "-"]
[White "egis"]
[Black "fjpv"]
[Result "0-1"]
[WhiteCountry "LTU"]
[BlackCountry "POR"]
[WhiteElo "2002"]
[WhiteRD "85"]
[BlackElo "2405"]
[BlackRD "81"]
[GameID "147250"]

1. d4 d5 2. c4 dxc4 3. e3 Be6 4. Nf3 Nf6 5. Be2 g6 6. O-O Bh6 7. Nc3 c6 8. Ne5 Nbd7 9. Nxd7 Qxd7 10. b3 cxb3
11. axb3 O-O 12. Bd2 Bg7 13. Na4 b6 14. Bc4 c5 15. Bxe6 Qxe6 16. Bc3 Nd5 17. Bb2 cxd4 18. Bxd4 Rac8 19. Qd3 Nb4 20. Qb5 Bxd4
21. exd4 Nc2 22. Rad1 Rfd8 23. d5 Qe5 24. Qa6 Rc7 25. Qd3 Nb4 26. Qb1 Rc2 27. Rc1 Rxc1 28. Rxc1 Rxd5 29. Nb2 b5 30. Re1 Qc3
31. Rxe7 Rd2 32. Nd1 Qd4 33. Re8+ Kg7 34. Re1 Nd3 35. Rf1 a5 36. g3 h5 37. h4 a4 38. bxa4 bxa4 39. Qb7 a3 40. Ne3 Nxf2
41. Rxf2 Rxf2 42. Kxf2 Qb2+ 43. Qxb2+ axb2 44. Nd5 b1=Q 45. Nf4 Kf6 46. Ng2 Kf5 47. g4+ hxg4
0-1

[Event "Queen's Gambit"]
[Site "SchemingMind.com"]
[Date "2008.03.22"]
[Round "-"]
[White "Wolli"]
[Black "fjpv"]
[Result "0-1"]
[WhiteCountry "GER"]
[BlackCountry "POR"]
[WhiteElo "1868"]
[WhiteRD "76"]
[BlackElo "2349"]
[BlackRD "87"]
[GameID "147251"]

1. d4 d5 2. c4 dxc4 3. Nf3 Nf6 4. e3 g6 5. Bxc4 Bg7 6. O-O O-O 7. Nc3 Nc6 8. a3 Bf5 9. b4 a6 10. Bb2 Ne4
11. Ne2 e6 12. Nc3 Qe7 13. Bd3 Nxc3 14. Bxc3 Rad8 15. Bxf5 exf5 16. Qb3 Qd6 17. Rad1 Ne7 18. Ne5 Qe6 19. Qxe6 fxe6 20. Rd2 Bxe5
21. dxe5 Rxd2 22. Bxd2 Rd8 23. Bc1 Rd3 24. f4 Nd5 25. Re1 Rc3 26. Kf2 Rc2+ 27. Kf3 Kg7 28. h3 Kf7 29. g4 Nc3
0-1

[Event "Queen's Gambit"]
[Site "SchemingMind.com"]
[Date "2008.03.22"]
[Round "-"]
[White "TRFz"]
[Black "fjpv"]
[Result "1/2-1/2"]
[WhiteCountry "GBR"]
[BlackCountry "POR"]
[WhiteElo "2213"]
[WhiteRD "61"]
[BlackElo "2405"]
[BlackRD "81"]
[GameID "147252"]

1. d4 d5 2. c4 dxc4 3. Nf3 Nf6 4. e3 g6 5. Bxc4 Bg7 6. O-O O-O 7. Nc3 Nc6 8. Qe2 Bf5 9. Rd1 Ne4 10. Bd3 Nd6
11. Bxf5 Nxf5 12. d5 Ne5 13. Nxe5 Bxe5 14. e4 Nd6 15. f4 Bxc3 16. bxc3 c6 17. e5 Nb5 18. Qf3 cxd5 19. c4 Qb6+ 20. Be3 d4
21. Bf2 Nc7 22. Rxd4 Ne6 23. Rd7 Qb2 24. Rf1 Qxa2 25. f5 gxf5 26. c5 Qc2 27. Rxe7 b5 28. cxb6 axb6 29. Bxb6 f4 30. Bf2= Ra2
31. Rb7 Rc8 32. Rbb1 Qf5 33. Qb7 Rcc2 34. Qe7 Kg7 35. Qh4 h6 36. Rbd1 f3 37. Qg3+ Kh7 38. Qxf3 Qxf3 39. gxf3 Nf4 40. Bg3 Ne2+
41. Kg2 Nc3+ 42. Kh3 Nxd1 43. Rxd1 Rd2 44. Rb1 Rdb2 45. Rd1 Rb6 46. f4=
1/2-1/2

[Event "Queen's Gambit"]
[Site "SchemingMind.com"]
[Date "2008.03.22"]
[Round "-"]
[White "The Stonewall"]
[Black "fjpv"]
[Result "0-1"]
[WhiteCountry "ENG"]
[BlackCountry "POR"]
[WhiteElo "2286"]
[WhiteRD "92"]
[BlackElo "2402"]
[BlackRD "85"]
[GameID "147259"]

1. d4 d5 2. c4 dxc4 3. Nf3 Nf6 4. e3 g6 5. Bxc4 Bg7 6. O-O O-O 7. Qe2 Ne4 8. Nc3 Nd6 9. Bb3 Nc6 10. Rd1 Bg4
11. h3 Bxf3 12. Qxf3 a5 13. Ba4 Ra6 14. Ne4 Nxe4 15. Qxe4 Qd6 16. Bd2 Rfa8 17. Rac1 Nd8 18. Bc3 Rb6 19. Qf3 Ne6 20. h4 Bf6
21. g3 Qd8 22. Bc2 c6 23. d5 cxd5 24. Rxd5 Qf8 25. Bxf6 exf6 26. Qxf6 Rc8 27. Rd2 Rbc6 28. Kg2 h5 29. a3 a4 30. Qe5 R8c7
31. Qd5 Rc4 32. Qd3 Qc5 33. f4 Ng7 34. Qd8+ Kh7 35. Re2 Nf5 36. Kf2 Kg7 37. Qd2 Rc6 38. Qd1 Rb6
0-1

[Event "Queen's Gambit"]
[Site "SchemingMind.com"]
[Date "2008.03.27"]
[Round "-"]
[White "The Stonewall"]
[Black "pcmvr"]
[Result "1/2-1/2"]
[WhiteCountry "ENG"]
[BlackCountry "NED"]
[WhiteElo "2325"]
[WhiteRD "92"]
[BlackElo "2237"]
[BlackRD "93"]
[GameID "147260"]

1. d4 d5 2. c4 e6 3. Nf3 c5 4. cxd5 exd5 5. Bg5 Be7 6. Bxe7 Nxe7 7. dxc5 Na6 8. Qd4 O-O 9. e3 Qa5+ 10. Qc3 Qxc3+
11. Nxc3 Nxc5 12. Rc1 Be6 13. Be2 Rac8 14. O-O Ne4 15. Nb5 a6 16. Nbd4 Rxc1 17. Rxc1 Rc8 18. Rxc8+ Bxc8 19. Kf1 f6 20. h3 Kf7
21. Bd3 Ng6 22. Ke2 Ne5 23. Bc2 Nc4 24. b3 Ncd6 25. a3 Bd7 26. Bd3 Ke7 27. Bc2 b6 28. Nd2 h5 29. Bd3 b5 30. Bc2 g5
31. Bd3 Nc3+ 32. Ke1 h4 33. f3 a5 34. Nb1 Nxb1 35. Bxb1 f5=
1/2-1/2

[Event "Queen's Gambit"]
[Site "SchemingMind.com"]
[Date "2008.03.22"]
[Round "-"]
[White "The Stonewall"]
[Black "Kenny Elliott"]
[Result "1-0"]
[WhiteCountry "ENG"]
[BlackCountry "USA"]
[WhiteElo "2302"]
[WhiteRD "90"]
[BlackElo "1567"]
[BlackRD "86"]
[GameID "147261"]

1. d4 d5 2. c4 dxc4 3. Nf3 Nf6 4. Qa4+ Nbd7 5. Nc3 g6 6. e4 Bg7 7. Bxc4 O-O 8. Qa3 Nb6 9. Be2 Bg4 10. Be3 Nc4
11. Bxc4 Bxf3 12. gxf3 a6 13. Rd1 Re8 14. Qb3 e6 15. Qxb7 Nd7 16. Qb3 Qf6 17. Ke2 Reb8 18. Qc2 Qh4 19. Qd2 a5 20. Bb5 Nf6
21. a4 Rd8 22. Bg5 Qh5 23. Qf4 e5 24. dxe5 Rxd1 25. Rxd1 Ne8 26. Rd7 Kh8 27. Rxf7 Rc8 28. Rf8+
1-0

[Event "Queen's Gambit"]
[Site "SchemingMind.com"]
[Date "2008.03.24"]
[Round "-"]
[White "The Stonewall"]
[Black "e_castle3"]
[Result "1-0"]
[WhiteCountry "ENG"]
[BlackCountry "PHI"]
[WhiteElo "2316"]
[WhiteRD "92"]
[BlackElo "1751"]
[BlackRD "78"]
[GameID "147262"]

1. d4 d5 2. c4 dxc4 3. Nf3 Bf5 4. Nc3 e6 5. e4 Bg6 6. Bxc4 Nd7 7. O-O Nb6 8. Bb3 Nf6 9. Bg5 Be7 10. Qe2 O-O
11. Bf4 Nh5 12. Be5 Bd6 13. Rac1 Nf6 14. Rfd1 Qe7 15. Bxf6 gxf6 16. e5 fxe5 17. dxe5 Bb4 18. Ne4 Bxe4 19. Qxe4 c6 20. Bc2 f5
21. exf6 Rxf6 22. a3 Bd6 23. Qxh7+ Qxh7 24. Bxh7+ Kxh7 25. Rxd6 Rg8 26. Kf1 Rfg6 27. g3 Rf6 28. Ne5 Rgf8 29. f4 Rg8 30. Re1 Re8
31. Nd7 Rf7 32. Nxb6 axb6 33. Rexe6 Rc8 34. Rh6+
1-0

[Event "Queen's Gambit"]
[Site "SchemingMind.com"]
[Date "2008.03.27"]
[Round "-"]
[White "The Stonewall"]
[Black "maaac"]
[Result "1-0"]
[WhiteCountry "ENG"]
[BlackCountry "AUS"]
[WhiteElo "2286"]
[WhiteRD "91"]
[BlackElo "1912"]
[BlackRD "71"]
[GameID "147263"]

1. d4 d5 2. c4 e6 3. Nc3 Nf6 4. Nf3 Be7 5. g4 h6 6. g5 hxg5 7. Bxg5 c6 8. Rg1 Nbd7 9. cxd5 exd5 10. Qd3 O-O
11. Bh6 Ne8 12. O-O-O b5 13. Bh3 b4 14. Na4 Qa5 15. Bxg7 Nxg7 16. Rxg7+ Kxg7 17. Rg1+ Kh8 18. Qe3
1-0

[Event "Queen's Gambit"]
[Site "SchemingMind.com"]
[Date "2008.03.27"]
[Round "-"]
[White "The Stonewall"]
[Black "Dr_Pat"]
[Result "1-0"]
[WhiteCountry "ENG"]
[BlackCountry "USA"]
[WhiteElo "2302"]
[WhiteRD "90"]
[BlackElo "1929"]
[BlackRD "48"]
[GameID "147264"]

1. d4 d5 2. c4 c6 3. Nf3 Nf6 4. e3 e6 5. Nbd2 Nbd7 6. b3 Bd6 7. Bb2 O-O 8. Bd3 Re8 9. Ne5 dxc4 10. Ndxc4 Bb4+
11. Kf1 Qc7 12. Qf3 b5 13. Nxd7 Bxd7 14. Ne5 Bd6 15. e4 Qa5 16. Nxf7 Kxf7 17. e5 Qd2 18. Bc1 Qb4 19. exf6 gxf6 20. Qh5+ Ke7
21. Qxh7+ Kd8 22. Be3 Kc7 23. Rc1
1-0

[Event "Queen's Gambit"]
[Site "SchemingMind.com"]
[Date "2008.03.27"]
[Round "-"]
[White "The Stonewall"]
[Black "egis"]
[Result "1-0"]
[WhiteCountry "ENG"]
[BlackCountry "LTU"]
[WhiteElo "2326"]
[WhiteRD "90"]
[BlackElo "1985"]
[BlackRD "77"]
[GameID "147265"]

1. d4 d5 2. c4 dxc4 3. e4 Nc6 4. d5 Ne5 5. Qd4 Nd3+ 6. Bxd3 cxd3 7. Nc3 Nf6 8. Nf3 e6 9. Bg5 Be7 10. Qxd3 O-O
11. Rd1 b6 12. O-O Bd7 13. Bxf6 Bxf6 14. e5 Be7 15. Qe4 exd5 16. Nxd5 Re8 17. Rd3 c6 18. Nxe7+ Qxe7 19. Rfd1 Rad8 20. Rd6 Be6
21. Qxc6 Bxa2 22. Qa4 Be6 23. Qa3 Qc7 24. h3 a5 25. Nd4 Bc4 26. Rc1 Rc8 27. Rc6 Qxe5 28. R1xc4 Rxc6 29. Nxc6 Qe1+ 30. Kh2 Qxf2
31. Ne7+ Kh8 32. Qc3 Qf6 33. Qxf6 gxf6 34. Nf5 h5 35. Rh4 Re2 36. Rxh5+ Kg8 37. b3 Re5 38. Ng3 b5 39. Rh4 Re3 40. b4 a4
41. Rd4 Rb3 42. Nf5 Kh7 43. Rh4+ Kg6 44. Ne7+ Kg7 45. Rg4+ Kf8 46. Nf5 a3 47. Rd4 Ke8 48. Rd1 Rxb4 49. Ra1 Rb3 50. Nd4 Rb4
51. Nc2 Rb2 52. Nxa3 Ke7 53. Rb1 Rxb1 54. Nxb1 b4 55. Kg3 f5 56. Kf4 Kf6 57. Nd2 Kg6 58. Nb3 Kf6 59. Nd4 Kg6 60. Ke3 Kg5
61. Nf3+ Kg6 62. Kd4 f4 63. Kc4 Kf5 64. Kxb4 Kg6 65. Kc4 f6 66. Kd4 Kf7 67. Ke4 Ke7 68. Kxf4 Kf7 69. Kf5 Kg7 70. Nd2 Kf7
71. Ne4 Ke7 72. Nxf6 Kf7 73. Ne4 Kf8 74. g4
1-0

[Event "Queen's Gambit"]
[Site "SchemingMind.com"]
[Date "2008.03.27"]
[Round "-"]
[White "The Stonewall"]
[Black "Wolli"]
[Result "1-0"]
[WhiteCountry "ENG"]
[BlackCountry "GER"]
[WhiteElo "2316"]
[WhiteRD "92"]
[BlackElo "1846"]
[BlackRD "77"]
[GameID "147266"]

1. d4 d5 2. c4 e6 3. Nf3 Nf6 4. g3 Be7 5. Bg2 O-O 6. O-O dxc4 7. Qc2 a6 8. Qxc4 b5 9. Qc2 Bb7 10. Bf4 Bd6
11. Nbd2 Bxf4 12. gxf4 Nbd7 13. Rfc1 Rc8 14. Nb3 Nd5 15. Ng5 g6 16. Qd2 h6 17. Nf3 N7f6 18. Nc5 Rb8 19. Ne5
1-0

[Event "Queen's Gambit"]
[Site "SchemingMind.com"]
[Date "2008.03.27"]
[Round "-"]
[White "The Stonewall"]
[Black "TRFz"]
[Result "1-0"]
[WhiteCountry "ENG"]
[BlackCountry "GBR"]
[WhiteElo "2325"]
[WhiteRD "92"]
[BlackElo "2167"]
[BlackRD "55"]
[GameID "147267"]

1. d4 d5 2. c4 e5 3. dxe5 d4 4. a3 Nc6 5. e3 Nge7 6. Nf3 Bg4 7. exd4 Bxf3 8. Qxf3 Nxd4 9. Qd3 Nec6 10. Be3 Bc5
11. Nc3 Nb3 12. Nd5 Nxa1 13. Bxc5 b6 14. Be3 Nxe5 15. Qe4 O-O 16. Qxe5 Nc2+ 17. Ke2 Nxe3 18. fxe3
1-0

[Event "Queen's Gambit"]
[Site "SchemingMind.com"]
[Date "2008.03.27"]
[Round "-"]
[White "fjpv"]
[Black "The Stonewall"]
[Result "1-0"]
[WhiteCountry "POR"]
[BlackCountry "ENG"]
[WhiteElo "2402"]
[WhiteRD "85"]
[BlackElo "2286"]
[BlackRD "92"]
[GameID "147268"]

1. d4 d5 2. c4 Nc6 3. Nf3 Bg4 4. Nc3 e6 5. cxd5 exd5 6. Qb3 Bb4 7. Ne5 Nxd4 8. Qd1 Nc6 9. Nxg4 d4 10. a3 Be7
11. Bd2 dxc3 12. Bxc3 h5 13. Ne3 Qxd1+ 14. Rxd1 Bf6 15. Nd5 Bxc3+ 16. Nxc3 a6 17. e4 Nge7 18. f4 Rd8 19. Rxd8+ Nxd8 20. Kf2 Rh6
21. Be2 Rd6 22. Ke3 g6 23. Rd1 Rxd1 24. Bxd1 Kd7 25. b4 Kd6 26. Na4 f6 27. g3 a5 28. bxa5 Ndc6 29. a6 bxa6 30. Nb2 Kc5
31. Bb3 Kd6 32. Nd3 Nd8 33. e5+ fxe5 34. fxe5+ Kc6 35. Kf4 Kb5 36. Kg5
1-0

[Event "Queen's Gambit"]
[Site "SchemingMind.com"]
[Date "2008.03.27"]
[Round "-"]
[White "pcmvr"]
[Black "The Stonewall"]
[Result "1-0"]
[WhiteCountry "NED"]
[BlackCountry "ENG"]
[WhiteElo "2249"]
[WhiteRD "88"]
[BlackElo "2275"]
[BlackRD "94"]
[GameID "147269"]

1. d4 d5 2. c4 Nc6 3. Nf3 Bg4 4. Nc3 e6 5. e3 Bb4 6. Qb3 Bxf3 7. gxf3 Nge7 8. Bd2 O-O 9. f4 a5 10. Be2 a4
11. Qd1 dxc4 12. Bxc4 Nf5 13. O-O Qh4 14. Qf3 Rfd8 15. a3 Ba5 16. Kh1 Bb6 17. Rad1 Nce7 18. Bd3 c6 19. Bc2 Bxd4 20. exd4 Nxd4
21. Qd3 Qh5 22. Bc1 Ng6 23. f3 Qh3 24. Ne2 Nxc2 25. Qxc2 Rxd1 26. Qxd1 Nh4 27. Rf2 Qf5 28. Nc3 Qa5 29. Rd2 h6 30. Rd3 Kh7
31. Bd2 Qh5 32. Be1 Ra5 33. Nxa4 Rf5 34. Bg3 Ng6 35. Rd4 c5 36. Re4 Rd5 37. Qe2 Kh8 38. Nc3 Rd8 39. Kg2 Kh7 40. Qc2 Qf5
41. Re2 Rd3 42. Ne4 Rd5 43. Re3 c4 44. b3 cxb3 45. Rxb3 b5 46. Rc3 Ne7 47. Rc7 Ng6 48. h4 Kg8 49. Ra7 Rd8 50. Qc7 Rf8
51. Rb7 Qd5 52. h5 Qxh5 53. Nd6 Nh4+ 54. Bxh4 Qxh4 55. Nxf7 Qf6 56. Ne5 h5 57. Qc6 Qh6 58. Nd7 Qg6+ 59. Kf2 Rd8 60. Rxb5 Qf7
61. Ne5 Qxf4 62. Qxe6+ Kh7 63. Ng4 Rd2+ 64. Ke1
1-0

[Event "Queen's Gambit"]
[Site "SchemingMind.com"]
[Date "2008.03.27"]
[Round "-"]
[White "Kenny Elliott"]
[Black "The Stonewall"]
[Result "0-1"]
[WhiteCountry "USA"]
[BlackCountry "ENG"]
[WhiteElo "1567"]
[WhiteRD "86"]
[BlackElo "2302"]
[BlackRD "90"]
[GameID "147270"]

1. d4 d5 2. c4 e6 3. Nc3 c6 4. Nf3 dxc4 5. g3 b5 6. Bg2 Nd7 7. Ne5 Nxe5 8. dxe5 Qxd1+ 9. Nxd1 Ne7 10. Bg5 Nd5
11. O-O Be7 12. Be3 Bb7 13. a3 Kd7 14. Rc1 Nxe3 15. Nxe3 Kc7 16. Rc2 Rac8 17. Rfc1 Rhd8 18. a4 a6 19. b3 cxb3 20. Rc3 bxa4
21. Nc4 Bb4 22. Rf3 Rd7 23. Nd6 b2 24. Rb1 a3 25. Rxb2 axb2 26. Rb3 Bxd6 27. exd6+ Rxd6 28. Rxb2 Rd1+ 29. Bf1 Rcd8 30. h4 Rc1
31. f3 Rdd1
0-1

[Event "Queen's Gambit"]
[Site "SchemingMind.com"]
[Date "2008.03.27"]
[Round "-"]
[White "e_castle3"]
[Black "The Stonewall"]
[Result "0-1"]
[WhiteCountry "PHI"]
[BlackCountry "ENG"]
[WhiteElo "1756"]
[WhiteRD "69"]
[BlackElo "2325"]
[BlackRD "92"]
[GameID "147271"]

1. d4 d5 2. c4 Nc6 3. Nf3 Bg4 4. e3 e6 5. Nc3 Bb4 6. a3 Bxc3+ 7. bxc3 Nf6 8. cxd5 exd5 9. h3 Bh5 10. c4 O-O
11. Bb2 Ne4 12. cxd5 Qxd5 13. Be2 Qa5+ 14. Kf1 Rad8 15. Qc2 Rfe8 16. Rd1 Rd7 17. Bd3 Qf5 18. Qe2 Bg6 19. g4 Qd5 20. Bc4 Qd6
21. Kg2 a6 22. Nh4 Ne7 23. Rhe1 Ng5 24. Nxg6 Nxg6 25. Rh1 Nf4+ 26. exf4 Rxe2 27. Bxe2 Qc6+ 28. Kg1 Nf3+ 29. Bxf3 Qxf3
0-1

[Event "Queen's Gambit"]
[Site "SchemingMind.com"]
[Date "2008.03.27"]
[Round "-"]
[White "maaac"]
[Black "The Stonewall"]
[Result "0-1"]
[WhiteCountry "AUS"]
[BlackCountry "ENG"]
[WhiteElo "1912"]
[WhiteRD "71"]
[BlackElo "2286"]
[BlackRD "91"]
[GameID "147272"]

1. d4 d5 2. c4 Nc6 3. Nf3 Bg4 4. Ne5 Nxe5 5. dxe5 dxc4 6. Qa4+ Qd7 7. Qxc4 Be6 8. Qc2 Qd4 9. Qc3 O-O-O 10. Be3 Qd1#
0-1

[Event "Queen's Gambit"]
[Site "SchemingMind.com"]
[Date "2008.03.27"]
[Round "-"]
[White "Dr_Pat"]
[Black "The Stonewall"]
[Result "0-1"]
[WhiteCountry "USA"]
[BlackCountry "ENG"]
[WhiteElo "1992"]
[WhiteRD "50"]
[BlackElo "2316"]
[BlackRD "92"]
[GameID "147273"]

1. d4 d5 2. c4 e6 3. Nc3 c6 4. Nf3 dxc4 5. a4 Bb4 6. e3 b5 7. Bd2 a5 8. axb5 Bxc3 9. Bxc3 cxb5 10. b3 Bb7
11. bxc4 b4 12. Bb2 Nf6 13. Bd3 Nbd7 14. O-O O-O 15. Re1 Qc7 16. e4 e5 17. c5 Rfc8 18. Rc1 exd4 19. Bxd4 Qf4 20. h3 a4
21. g3 Qh6 22. Nh4 Bc6 23. e5 Nd5 24. Qg4 Qe6 25. Bf5 Qe7 26. e6 N7f6 27. Bxf6 Nxf6 28. Qxb4 Re8 29. Qb6 Bd5 30. exf7+ Qxf7
31. c6 Rxe1+ 32. Rxe1 Qa7 33. Qb4 a3 34. Qc3 Qc7 35. Bd7 a2 36. Nf5 Kh8 37. Qa1 Qa5 38. Rc1 Qd2
0-1

[Event "Queen's Gambit"]
[Site "SchemingMind.com"]
[Date "2008.03.27"]
[Round "-"]
[White "egis"]
[Black "The Stonewall"]
[Result "0-1"]
[WhiteCountry "LTU"]
[BlackCountry "ENG"]
[WhiteElo "1954"]
[WhiteRD "77"]
[BlackElo "2315"]
[BlackRD "95"]
[GameID "147274"]

1. d4 d5 2. c4 e6 3. Nf3 dxc4 4. e3 Nf6 5. Bxc4 c5 6. O-O a6 7. a4 Nc6 8. b3 cxd4 9. Nxd4 Nxd4 10. exd4 Bb4
11. Ba3 Bxa3 12. Nxa3 O-O 13. Nc2 b6 14. Ne3 Bb7 15. Qd3 Qd6 16. Qc3 Rfd8 17. Rfd1 Rac8 18. Qd2 Qf4 19. Qe2 Ne4 20. Qb2 b5
21. axb5 axb5 22. Bf1 Nc3 23. Rd2 Rxd4 24. Ra7 Bd5 25. Rxd4 Qxd4 26. Qa3 b4 27. Qa6 Rf8 28. Nxd5 Qxd5 29. Qc4 Qd2 30. Rb7 Nd5
31. Qb5 h6 32. Qa6 Qc3 33. Qa2 Qe1 34. Qa6 Rd8 35. Qa5 Rc8 36. Qb5 Rc1 37. Qd3 g6 38. g3 Kg7 39. Kg2 Rd1 40. Qe2 Ne3+
41. Kh3 Qxf1+ 42. Qxf1 Nxf1 43. Kg2 Nd2 44. Rxb4 Rb1 45. Rd4 Nxb3 46. Rd8 Kf6 47. Rb8 Nd2 48. Rxb1 Nxb1 49. Kf3 Ke5 50. Ke3 Na3
51. Kd3 Kd5 52. h3 Nc4 53. Ke2 Ke4 54. f3+ Kd4 55. f4 Ke4 56. Kf2 g5 57. fxg5 hxg5 58. Ke2 f5 59. h4 gxh4 60. gxh4 Kf4
61. h5 Kg5 62. h6 Kxh6 63. Kd3 Nd6 64. Kd4 Nf7 65. Ke3 Kg5 66. Kf3 e5 67. Kf2 Kg4 68. Kg2 e4 69. Kf2 Kf4 70. Ke2 e3
71. Kd3 Kf3 72. Kd4 e2 73. Kd5 e1=Q
0-1

[Event "Queen's Gambit"]
[Site "SchemingMind.com"]
[Date "2008.03.27"]
[Round "-"]
[White "Wolli"]
[Black "The Stonewall"]
[Result "0-1"]
[WhiteCountry "GER"]
[BlackCountry "ENG"]
[WhiteElo "1846"]
[WhiteRD "77"]
[BlackElo "2316"]
[BlackRD "92"]
[GameID "147275"]

1. d4 d5 2. c4 Nc6 3. Nf3 Bg4 4. Nc3 e6 5. e3 Bb4 6. Qb3 Bxf3 7. gxf3 dxc4 8. Bxc4 Qf6 9. Ke2 O-O-O 10. Ne4 Qf5
0-1

[Event "Queen's Gambit"]
[Site "SchemingMind.com"]
[Date "2008.03.27"]
[Round "-"]
[White "TRFz"]
[Black "The Stonewall"]
[Result "1/2-1/2"]
[WhiteCountry "GBR"]
[BlackCountry "ENG"]
[WhiteElo "2185"]
[WhiteRD "58"]
[BlackElo "2267"]
[BlackRD "94"]
[GameID "147276"]

1. d4 d5 2. c4 e6 3. Nc3 c6 4. Nf3 dxc4 5. a4 Bb4 6. e4 b5 7. Be2 Bb7 8. O-O a6 9. Bg5 Be7 10. Bxe7 Nxe7
11. b3 b4 12. Na2 cxb3 13. Qxb3 a5 14. Qe3 Nd7 15. Nc1 O-O 16. Nb3 Ng6 17. Rac1 Qf6 18. Nc5 Nxc5 19. Rxc5 Qf4 20. g3= Qxe3
21. fxe3 Ba6 22. Bxa6 Rxa6 23. Nd2 Ne7 24. Nb3 Rfa8 25. Rfc1 f6 26. Kf2= Kf7 27. Ke2 h6 28. g4 g6 29. Kd3 g5 30. Rf1 R6a7
31. e5 f5 32. e4 f4 33. h4=
1/2-1/2